000 00696nam a2200229Ia 4500
003 OSt
005 20220918205152.0
006 a|||||r|||| 00| 0
007 ta
008 220917b |||||||| |||| 00| 0 eng d
024 _a115,586
037 _cTextual
040 _aARTS
_cARTS
_beng
041 _2eng
_aeng
082 _aV61:1tN53:g, J5 (906)
100 _aMason Philip
_959960
245 0 _aNew deal in East Africa
_b The basic arguments and certain implications of the reports of the Royal Commission on East Africa
260 _aNA
_bNA
_c1955
650 _aHISTORY
942 _hV61:1tN53:g, J5 (906)
_cTEXL
_2CC
999 _c238915
_d238915